| 000 | 00330nam a2200133Ia 4500 | ||
|---|---|---|---|
| 008 | 231129s1977||||xx |||||||||||||| ||spa|| | ||
| 040 | _bspa | ||
| 082 | _aCo863 E77c | ||
| 100 | _aEspriella Arango Alvaro de la | ||
| 245 | 0 | _aLos cangrejos no caminan en la nieve | |
| 260 | _c1977 | ||
| 264 | _aTercer Mundo | ||
| 942 |
_2ddc _cBKS |
||
| 999 |
_c19532 _d19532 |
||